Práctica societaria (Registro nro. 27794)

Detalles MARC
000 -LEADER
fixed length control field 00311 a2200109 4500
001 - CONTROL NUMBER
control field ART_19563
005 - DATE AND TIME OF LATEST TRANSACTION
control field 20260410161922.0
008 - FIXED-LENGTH DATA ELEMENTS--GENERAL INFORMATION
fixed length control field 260409a
100 1# - MAIN ENTRY--PERSONAL NAME
Personal name Mascheroni, Fernando H.
245 10 - TITLE STATEMENT
Title Práctica societaria
773 0# - HOST ITEM ENTRY
Title La información
Related parts - Tomo XLI, Nº 605 (mayo 1980)
Record control number REV14902

No hay ítems disponibles.